000
00319nam a2200121Ia 4500
008
180117s9999 xx 000 0 und d
100
_a
by Luisito Batongbakal, Jr
245
_a
Filipiknow
260
_c
2017
300
_a
10-13 pages, 2017 July 2
440
_a
Philippine Panorama
650
_a
OBSESION WITH WHITE SKIN
999
_c
353644
_d
353644